000 00442nam a2200169 4500
020 _a950-23-0742-9
080 _a314.6:316.34
100 _aTorrado, Susana
_92733
245 _aFamilia y diferenciación social
_bcuestiones de método
260 _aBuenos aires
_bEudeba
_c2006
300 _a264p.
650 _2LEMB
_aFamilia
_916
650 _aSociología
_9198
650 _aJerarquía social
_92734
651 _2LEMB
_91736
999 _c3057
_d3057